<?xml version="1.0" encoding="UTF-8"?>
<collection xmlns="http://www.loc.gov/MARC21/slim">
 <record>
  <leader>00861nta a2200181 i 4500</leader>
  <controlfield tag="001">dipl137842</controlfield>
  <controlfield tag="005">20230721152342.0</controlfield>
  <controlfield tag="008">230721suuuu    hu      om    0||   rus d</controlfield>
  <datafield tag="040" ind1=" " ind2=" ">
   <subfield code="a">SZTE Diploma Repozitórium</subfield>
   <subfield code="b">hun</subfield>
  </datafield>
  <datafield tag="041" ind1=" " ind2=" ">
   <subfield code="a">rus</subfield>
  </datafield>
  <datafield tag="100" ind1="2" ind2=" ">
   <subfield code="a">Ráczné Weisz Mária</subfield>
  </datafield>
  <datafield tag="245" ind1="1" ind2="0">
   <subfield code="a">Сравнительный анализ рассказа Вс. Гаршина &quot;Четыре дня&quot; и повести Л. Андреева &quot;Красный смех&quot;</subfield>
   <subfield code="h">[elektronikus dokumentum] /</subfield>
   <subfield code="c">Mária Ráczné Weisz</subfield>
  </datafield>
  <datafield tag="650" ind1=" " ind2="4">
   <subfield code="a">Bölcsészettudományok</subfield>
  </datafield>
  <datafield tag="650" ind1=" " ind2="4">
   <subfield code="a">Humanities</subfield>
  </datafield>
  <datafield tag="650" ind1=" " ind2="4">
   <subfield code="a">Languages and Literature</subfield>
  </datafield>
  <datafield tag="700" ind1="1" ind2=" ">
   <subfield code="a">Szalma Józsefné</subfield>
   <subfield code="e">ths</subfield>
  </datafield>
  <datafield tag="856" ind1="4" ind2="0">
   <subfield code="u">https://diploma.bibl.u-szeged.hu/id/eprint/137842/1/xxxx_raczne_weisz_maria.pdf</subfield>
   <subfield code="z">Dokumentum-elérés </subfield>
  </datafield>
  <datafield tag="856" ind1="4" ind2="0">
   <subfield code="u">https://diploma.bibl.u-szeged.hu/id/eprint/137842/2/xxxx_raczne_weisz_maria_biralat.pdf</subfield>
   <subfield code="z">Dokumentum-elérés </subfield>
  </datafield>
 </record>
</collection>
